Staří mistři = Alte Meister = Old masters /

Other Authors: Winzeler, Marius, 1970-
Language: German
Czech
English
Published: Praha : Národní galerie Praha, 2019
Subjects:
Physical Description: 239 stran : barevné ilustrace, portréty ; 27 cm
Language note: Souběžný německý a anglický text
Book
Saved in:
LEADER 03064nam a2200805 i 4500
001 nkc20193161562
003 CZ PrNK
005 20200212074603.0
007 ta
008 191126s2019 xr ac e c 001 0dcze
015 |a cnb003161562 
020 |a 978-80-7035-735-4  |q (brožováno) 
035 |a (OCoLC)1140082122 
040 |a BOA001  |b cze  |d ABA001  |e rda 
041 1 |a cze  |a eng  |a ger  |h cze 
043 |a e------  |a e-xr---  |b e-xr-pg  |2 czenas 
045 |a t-v- 
072 7 |a 75  |x Malířství  |2 Konspekt  |9 21 
080 |a 75(4)  |2 MRF 
080 |a 730(4)  |2 MRF 
080 |a 75(437.3)  |2 MRF 
080 |a 730(437.3)  |2 MRF 
080 |a 7.034.3/.6  |2 MRF 
080 |a 7.034.7  |2 MRF 
080 |a 72/76:069.5  |2 MRF 
080 |a (4)  |2 MRF 
080 |a (437.3)  |2 MRF 
080 |a (437.311)  |2 MRF 
080 |a (083.824)  |2 MRF 
245 0 0 |a Staří mistři =  |b Alte Meister = Old masters /  |c Marius Winzeler (ed.) 
246 3 1 |a Alte Meister 
246 3 1 |a Old masters 
264 1 |a Praha :  |b Národní galerie Praha,  |c 2019 
300 |a 239 stran :  |b barevné ilustrace, portréty ;  |c 27 cm 
336 |a text  |b txt  |2 rdacontent 
336 |a statický obraz  |b sti  |2 rdacontent 
337 |a bez média  |b n  |2 rdamedia 
338 |a svazek  |b nc  |2 rdacarrier 
504 |a Obsahuje bibliografii a rejstřík 
546 |a Souběžný německý a anglický text 
610 2 7 |a Národní galerie (Praha, Česko).  |b Sbírka starého umění  |7 kn20010709466  |2 czenas 
610 2 7 |a Schwarzenberský palác (Praha, Česko)  |7 kn20050511026  |2 czenas 
648 7 |a 16.-18. století  |7 ch757029  |2 czenas 
648 7 |a 17.-18. století  |7 ch757024  |2 czenas 
650 0 7 |a evropské malířství  |7 ph120073  |y 16.-18. století  |2 czenas 
650 0 7 |a evropské sochařství  |7 ph120078  |y 16.-18. století  |2 czenas 
650 0 7 |a české malířství  |7 ph116864  |y 17.-18. století  |2 czenas 
650 0 7 |a české sochařství  |7 ph128152  |y 17.-18. století  |2 czenas 
650 0 7 |a renesanční umění  |7 ph125134  |z Evropa  |2 czenas 
650 0 7 |a barokní umění  |7 ph118765  |z Evropa  |2 czenas 
650 0 7 |a barokní umění  |7 ph118765  |z Česko  |2 czenas 
650 0 7 |a umělecké sbírky  |7 ph135222  |z Česko  |2 czenas 
650 0 9 |a European painting  |y 16th-18th centuries  |2 eczenas 
650 0 9 |a European sculpture  |y 16th-18th centuries  |2 eczenas 
650 0 9 |a Czech painting  |y 17th-18th centuries  |2 eczenas 
650 0 9 |a Czech sculpture  |y 17th-18th centuries  |2 eczenas 
650 0 9 |a renaissance art  |z Europe  |2 eczenas 
650 0 9 |a baroque art  |z Europe  |2 eczenas 
650 0 9 |a baroque art  |z Czechia  |2 eczenas 
650 0 9 |a art collections  |z Czechia  |2 eczenas 
651 7 |a Praha (Česko)  |7 ge118011  |2 czenas 
651 9 |a Prague (Czechia)  |2 eczenas 
655 7 |a katalogy výstav  |7 fd132536  |2 czenas 
655 9 |a exhibition catalogs  |2 eczenas 
700 1 |a Winzeler, Marius,  |d 1970-  |7 xx0149009  |4 edt 
910 2 |a BOA001  |b 3-1439.254 
990 |a BK 
995 |a 01 
991 |b 201912  |c NOV 
996 6 |b 2610808360  |c 3-1439.254  |l MZK  |r Sklad / do 1 hodiny  |n 1  |p p.v.  |w 001770897  |u 000010  |a 1  |e BOA001  |j MZK50  |s P